000 01039nas a2200313 4500
001 BR8501134
003 BR-BrBNA
005 20231205090132.0
007 ta
008 230509b bl.|||p| |||| 00| 00por d
040 _aBR-BrBNA
_bpor
_cBiblioteca Nacional de Agricultura
041 _a(Pt)
072 _aL30
100 1 _aSampaio, A.A.M.
100 1 _aAndrade, P. de
100 1 _aOliveira, M. dal S. de
100 1 _aRosa, L.C. de A.
100 1 _aAndrade, A.T. de
245 1 _aUso de racoes com diferentes niveis de proteina e fontes de energia na alimentacao de bovinos confinados. Fase 2
246 1 _aUse of rations with different protein levels and energy sources in feeding confined cattle. Phase 2
650 _aBOVINO
650 _aRACAO
650 _aPROTEINA
650 _aENERGIA
650 _aCONFINAMENTO
773 0 _tRevista da Sociedade Brasileira de Zootecnia (Brazil)
_xISSN 0100-4859
_g(1984), v. 13(4) p. 528-534
_wBR8501134
909 _a202311
_bLúcia
_c55
_dLúcia Elande
942 _2AGRIS
_n0
_cANA
999 _c116337
_d116337